Education In India (Record no. 209644)

MARC details
000 -LEADER
fixed length control field 00696nam a22002177a 4500
005 - DATE AND TIME OF LATEST TRANSACTION
control field 20250224111710.0
010 ## - LCCN (DPL NO)
LC control number ENG-143781
020 ## - INTERNATIONAL STANDARD BOOK NUMBER
International Standard Book Number 9788186772843
Terms of availability 1595
035 ## - SYSTEM CONTROL NUMBER
System control number EN-127314
037 ## - SOURCE OF ACQUISITION
Source of stock number/acquisition DBAD
082 ## - DEWEY DECIMAL CLASSIFICATION NUMBER
Classification number 370
Edition number 1st
100 ## - MAIN ENTRY--PERSONAL NAME
Personal name Sarkar Amal Kumar
245 ## - TITLE STATEMENT
Title Education In India
Remainder of title Amal Kumar Sarkar
Statement of responsibility, etc Issues ,prospects ,and challenges
Medium English
260 ## - PUBLICATION, DISTRIBUTION, ETC. (IMPRINT)
Place of publication, distribution, etc New Delhi
Name of publisher, distributor, etc SK puri for New Academic Publishers
Date of publication, distribution, etc 2015
270 ## - ADDRESS
Address 4760-61'23' Ansari Road' Daryaganj
City New Delhi
Postal code 110002
300 ## - PHYSICAL DESCRIPTION
Extent 315 p.
Dimensions 21 cm.(hd)
490 ## - SERIES STATEMENT
Volume number/sequential designation vol 1
500 ## - GENERAL NOTE
General note Stories of vedanta monks
700 ## - ADDED ENTRY--PERSONAL NAME
Personal name Swami chetanananda
9 (RLIN) 76691
942 ## - ADDED ENTRY ELEMENTS (KOHA)
Source of classification or shelving scheme Dewey Decimal Classification
Item type English Books
Classification part 370
Call number suffix SAR
Holdings
Withdrawn status Lost status Not for loan Collection code Home library Current library Date acquired Source of acquisition Cost, normal purchase price Full call number Barcode Copy number Cost, replacement price Koha item type
      Non-fiction Central Library Central Library 24/02/2025 Delivery of Books Act Division 1595.00 370 SAR EN-127314 1 1595.00 English Books

© Delhi Public Library
Hit Counter
free hit counter